Largest Animals - Statistics

General Stats
  • This quiz has been taken 73 times
  • The average score is 5 of 18
Answer Stats
Hint Answer % Correct
Mammal Blue Whale
100%
Bird Ostrich
86%
Cartilaginous Fish Whale Shark
72%
Reptile Saltwater Crocodile
68%
Cephalopod Colossal Squid
46%
Bivalve Giant Clam
37%
Jellyfish Lion's Mane Jellyfish
32%
Amphibian Chinese Giant Salamander
26%
Arachnid Goliath Birdeater
23%
Crustacean American Lobster
16%
Starfish Sunflower Star
11%
Earthworm Giant Gippsland Earthworm
7%
Bony Fish Giant Sunfish
7%
Polychaete Bobbit Worm
5%
Chiton Gumboot Chiton
5%
Gastropod Australian Trumpet
4%
Insect Actaeon Beetle
2%
Sea Urchin Red Sea Urchin
2%
No matching quizzes found
Score Distribution
Percent of People with Each Score
Percentile by Number Answered
Your Score History
You have not taken this quiz